| 000 | 00452nam a22001817a 4500 | ||
|---|---|---|---|
| 999 |
_c526568 _d526568 |
||
| 003 | NUST | ||
| 005 | 20190713115800.0 | ||
| 020 | _qpaperback | ||
| 038 | _aM. Shaban | ||
| 082 |
_a891.423 _bSAQ |
||
| 100 |
_aSaqib, Maqsood _915047 |
||
| 245 |
_aKahanian / _c Maqsood Saqib |
||
| 260 |
_aLahore : _bUdam Publisher, _c1986. |
||
| 300 | _a100 p. ; | ||
| 880 |
_6100-01\r _aمقصود ثاقب |
||
| 880 |
_6245-02\r _aکہانیاں / |
||
| 942 |
_2ddc _cBK |
||